书目信息 |
| 题名: |
在延安文艺座谈会上的讲话
|
|
| 作者: | 毛泽东 著 | |
| 分册: | ||
| 出版信息: | 北京 华东新华书店 1949 |
|
| 页数: | 35页 | |
| 开本: | 20cm | |
| 丛书名: | ||
| 单 册: | ||
| 中图分类: | A424 | |
| 科图分类: | ||
| 主题词: | 毛泽东著作--单行本--1942--单行本 , 文艺工农兵方向-毛泽东著作 | |
| 电子资源: | ||
| ISBN: | ||
| 000 | 00628nam0 2200217 45 | |
| 001 | 0176003979 | |
| 005 | 20060817090131.57 | |
| 010 | @d旧币10.00元 | |
| 100 | @a19950109d1949 em y0chiy0121 ea | |
| 101 | 0 | @achi |
| 102 | @aCN@b110000 | |
| 105 | @ay z 000yy | |
| 200 | 10 | @a在延安文艺座谈会上的讲话@Azai yan an wen yi zuo tan hui shang de jiang hua@f毛泽东著 |
| 210 | @a北京@c华东新华书店@d1949 | |
| 215 | @a35页@d20cm | |
| 606 | @a毛泽东著作@x单行本@z1942@x单行本 | |
| 606 | @a文艺工农兵方向-毛泽东著作 | |
| 690 | @aA424@v3 | |
| 701 | 0 | @a毛泽东@Amao ze dong@4著 |
| 801 | 0 | @aCN@bTSSF@c20060817 |
| 905 | @a10447@dA424@e39 | |
| 在延安文艺座谈会上的讲话/毛泽东著.-北京:华东新华书店,1949 |
| 35页;20cm |
| ISBN :旧币10.00元 |
| ● |
| 相关链接 |
|
|
|
|
正题名:在延安文艺座谈会上的讲话
索取号:A424/39
 
预约/预借
| 序号 | 登录号 | 条形码 | 馆藏地/架位号 | 状态 | 备注 |
| 1 | 0465220 | 204652205 | 密集书库/ [索取号:A424/39] | 在馆 |